LEADER 01712nam 2200541 450 001 9910154631603321 005 20240207105351.0 010 $a1-61312-091-5 035 $a(CKB)3820000000018962 035 $a(SSID)ssj0001639021 035 $a(PQKBManifestationID)16398118 035 $a(PQKBTitleCode)TC0001639021 035 $a(PQKBWorkID)13473663 035 $a(PQKB)10613918 035 $a(MiAaPQ)EBC4463838 035 $a(EXLCZ)993820000000018962 100 $a20160512h20112011 uy 1 101 0 $aeng 135 $aurcnu|||||||| 181 $ctxt 182 $cc 183 $acr 200 14$aThe secret of Rover 210 1$aNew York, New York :$cAbrams,$d2011. 210 4$d©2011 215 $a1 online resource (272 pages) 300 $aBibliographic Level Mode of Issuance: Monograph 311 $a0-8109-9710-X 330 $aTwelve-year-old twins Katie and David Bowen evade foreign militants and make their way from Washington, D.C. to their uncle's Vermont home, hoping he can help rescue their parents, who were kidnapped because of their secret invention, Rover. 606 $aKidnapping$vJuvenile fiction 606 $aSiblings$vJuvenile fiction 606 $aTwins$vJuvenile fiction 606 $aUncles$vJuvenile fiction 607 $aWashington (D.C.)$vJuvenile fiction 607 $aWashington (D.C.)$vFiction 615 0$aKidnapping 615 0$aSiblings 615 0$aTwins 615 0$aUncles 676 $a364.154 700 $aWildavsky$b Rachel$01239130 801 0$bMiAaPQ 801 1$bMiAaPQ 801 2$bMiAaPQ 906 $aBOOK 912 $a9910154631603321 996 $aThe secret of Rover$92875324 997 $aUNINA LEADER 01114nam0-2200301 --450 001 9911033769903321 005 20251030110537.0 010 $a88-7621-479-8 100 $a20251030d2005----kmuy0itay5050 ba 101 0 $aita 102 $aIT 105 $aa 001yy 200 1 $aAllestire$eattraversamenti, temi, territori, ibridazioni$fa cura di Lucio Altarelli 210 $aRoma$cPalombi Editori$d2005 215 $a207 p.$cill.$d27 cm 225 1 $aGroma$iVolumi$v6 300 $aIn copertina: Universitą degli studi di Roma La Sapienza, Dipartimento di architettura e analisi della cittą, Laboratorio architettura degli interni, allestimenti e spazi espositivi 610 0 $aEdifici di esposizione$aAllestimento 676 $a725.91 702 1$aAltarelli,$bLucio 712 01$aUniversitą degli studi di Roma La Sapienza.$bLaboratorio architettura degli interni, allestimenti e spazi espositivi 801 0$aIT$bUNINA$gREICAT$2UNIMARC 901 $aBK 912 $a9911033769903321 952 $aDE FUSCO 1574$bRDF 1630$fDARST 959 $aDARST 996 $aAllestire$92194880 997 $aUNINA